[Event "29th ECh U20"]
[Site "Patras GRE"]
[Date "2001.07.25"]
[Round "9"]
[White "Gengler, Pierre"]
[Black "Paljusaj, Edmond"]
[Result "0-1"]
[WhiteElo "2023"]
[BlackElo "2230"]
[EventDate "2001.07.16"]
[PlyCount "82"]

1.e4 c5 2.Nf3 Nc6 3.d4 cxd4 4.Nxd4 Nf6 5.Nc3 e6 6.Ndb5 d6 7.Bf4 e5 8.Bg5 
a6 9.Na3 b5 10.Bxf6 gxf6 11.Nd5 Bg7 12.c3 Ne7 13.Nxe7 Qxe7 14.Bd3 f5 15.
O-O Bb7 16.Re1 O-O 17.exf5 Qg5 18.Be4 d5 19.Bb1 b4 20.cxb4 e4 21.Re3 Qxf5 
22.Bc2 Bxb2 23.Rb1 Be5 24.b5 d4 25.Rh3 d3 26.Ba4 Bd4 27.Qd2 axb5 28.Rxb5 
Qxf2+ 29.Qxf2 Bxf2+ 30.Kxf2 Rxa4 31.Rg3+ Kh8 32.Rxb7 Rxa3 33.Ke3 Rd8 34.
Rb1 f5 35.Kf4 Ra7 36.Rd1 Rxa2 37.Kxf5 Re2 38.Kf6 d2 39.Ra3 Re1 40.Rxd2 
Rf1+ 41.Rf3 Rxf3+ 0-1

[Event "29th ECh U20"]
[Site "Patras GRE"]
[Date "2001.07.26"]
[Round "10"]
[White "Timofeev, Artiom"]
[Black "Korobov, Anton"]
[Result "1-0"]
[WhiteElo "2521"]
[BlackElo "2470"]
[EventDate "2001.07.16"]
[PlyCount "45"]

1.e4 c5 2.Nf3 d6 3.d4 cxd4 4.Nxd4 Nf6 5.Nc3 a6 6.Be3 e6 7.f3 b5 8.g4 h6 9.
Qd2 Bb7 10.O-O-O Nbd7 11.h4 b4 12.Na4 Qa5 13.b3 Nc5 14.a3 Rc8 15.Qxb4 Qc7 
16.Kb1 Nfd7 17.Nb2 d5 18.Qd2 e5 19.exd5 exd4 20.Bxd4 Nf6 21.Re1+ Kd8 22.d6
Qxd6 23.Nc4 1-0

[Event "29th ECh U20"]
[Site "Patras GRE"]
[Date "2001.07.26"]
[Round "10"]
[White "Postny, Evgeny"]
[Black "Izoria, Zviad"]
[Result "1/2-1/2"]
[WhiteElo "2486"]
[BlackElo "2486"]
[EventDate "2001.07.16"]
[PlyCount "67"]

1.d4 Nf6 2.c4 e6 3.Nf3 b6 4.g3 Ba6 5.Nbd2 c5 6.Bg2 Nc6 7.dxc5 Bxc5 8.O-O 
O-O 9.a3 Bb7 10.b4 Be7 11.Bb2 Rc8 12.e4 d6 13.Qb3 Qc7 14.Rac1 Rfd8 15.Rfe1
Nd7 16.Nd4 Nxd4 17.Bxd4 Bf6 18.Bxf6 Nxf6 19.Qb2 h6 20.Nb3 Nd7 21.Re3 Ne5 
22.Rec3 a6 23.Qd2 Ba8 24.Qe3 Qb8 25.h3 Rc7 26.Qd4 Nc6 27.Qd2 a5 28.Rd3 
axb4 29.axb4 Rcc8 30.b5 Ne7 31.Rd4 Ng6 32.Kh2 e5 33.Rd3 Nf8 34.Qb4 1/2-1/2

[Event "29th ECh U20"]
[Site "Patras GRE"]
[Date "2001.07.26"]
[Round "10"]
[White "Berg, Emanuel"]
[Black "Dziuba, Marcin"]
[Result "0-1"]
[WhiteElo "2496"]
[BlackElo "2471"]
[EventDate "2001.07.16"]
[PlyCount "150"]

1.e4 c5 2.Nf3 d6 3.d4 cxd4 4.Nxd4 Nf6 5.Nc3 Nc6 6.Be3 Ng4 7.Bb5 Nxe3 8.
fxe3 Bd7 9.O-O e6 10.Bxc6 bxc6 11.e5 Be7 12.Qh5 O-O 13.exd6 Bxd6 14.Rad1 
Qc7 15.Ne4 Be7 16.Ng5 Bxg5 17.Qxg5 c5 18.Nf3 f6 19.Qf4 Qxf4 20.exf4 Rfd8 
21.Rfe1 Kf7 22.Rd6 Ke7 23.Rd5 Rac8 24.Nh4 Kf7 25.Rd6 Rc7 26.Re3 Rb8 27.b3 
Rb4 28.c4 Rb6 29.Rd2 a5 30.g4 a4 31.g5 axb3 32.axb3 Ra6 33.gxf6 gxf6 34.
Rh3 Ra1+ 35.Kf2 Bc6 36.Nf5 Kg6 37.Nd6 f5 38.Re2 Re7 39.Re5 Ra2+ 40.Ke1 Bg2
41.Rhe3 Be4 42.Rxc5 Rxh2 43.Rg3+ Kf6 44.Rc8 e5 45.Nxe4+ fxe4 46.Rf8+ Ke6 
47.f5+ Kd6 48.Rd8+ Kc5 49.Rd5+ Kb4 50.Re3 Rg7 51.Rb5+ Ka3 52.Re2 Rh1+ 53.
Kd2 Rf1 54.Ke3 Rg4 55.Rf2 Rg3+ 56.Ke2 Rb1 57.Ra5+ Kb4 58.Ra2 Kxb3 59.Ra7 
Kxc4 60.Rc7+ Kd5 61.Rd7+ Kc6 62.Rd1 Rb2+ 63.Kf1 Rxf2+ 64.Kxf2 Rf3+ 65.Ke2 
h5 66.Rh1 Rxf5 67.Ke3 Kd5 68.Rd1+ Ke6 69.Kxe4 h4 70.Ra1 Rh5 71.Ra6+ Ke7 
72.Kf3 h3 73.Kg4 h2 74.Kxh5 h1=Q+ 75.Kg5 Qg2+ 0-1

[Event "29th ECh U20"]
[Site "Patras GRE"]
[Date "2001.07.26"]
[Round "10"]
[White "Lupulescu, Constantin"]
[Black "Pert, Nicholas"]
[Result "0-1"]
[WhiteElo "2465"]
[BlackElo "2475"]
[EventDate "2001.07.16"]
[PlyCount "82"]

1.e4 e6 2.d4 d5 3.Nd2 Nf6 4.e5 Nfd7 5.f4 c5 6.c3 Nc6 7.Ndf3 Qb6 8.Ne2 f6 
9.g3 cxd4 10.cxd4 Bb4+ 11.Nc3 fxe5 12.fxe5 O-O 13.Bf4 Be7 14.a3 g5 15.Na4 
Qd8 16.Be3 g4 17.Nh4 Ndxe5 18.dxe5 Nxe5 19.Bd4 Nf3+ 20.Nxf3 gxf3 21.Nc3 e5
22.Bxe5 Bc5 23.Kd2 Be6 24.Qa4 Rc8 25.Qh4 Be7 26.Qd4 Bc5 27.Qh4 Be7 28.Bh3 
Bg5+ 29.Kc2 Rf5 30.Qd4 Rc4 31.Qd3 Rxe5 32.Bxe6+ Rxe6 33.Raf1 Re3 34.Qf5 
Re2+ 35.Kb1 Rxc3 36.h4 Bf6 37.Qg4+ Kh8 38.bxc3 Bxc3 39.Kc1 Qc7 40.Qf5 Bd2+
41.Kb1 Qb6+ 0-1

[Event "29th ECh U20"]
[Site "Patras GRE"]
[Date "2001.07.26"]
[Round "10"]
[White "Buhmann, Rainer"]
[Black "Flumbort, Andras"]
[Result "1-0"]
[WhiteElo "2498"]
[BlackElo "2372"]
[EventDate "2001.07.16"]
[PlyCount "135"]

1.Nf3 Nf6 2.c4 g6 3.Nc3 d5 4.cxd5 Nxd5 5.e4 Nxc3 6.dxc3 Qxd1+ 7.Kxd1 Nd7 
8.Bf4 c6 9.h4 f6 10.h5 e5 11.Be3 g5 12.Nd2 Bc5 13.Bxc5 Nxc5 14.Kc2 Ke7 15.
a4 Rd8 16.Be2 Rxd2+ 17.Kxd2 Nb3+ 18.Ke3 Nxa1 19.Rxa1 Be6 20.a5 h6 21.b4 
Rd8 22.Rb1 Rd7 23.Rb2 Kd8 24.Rb1 Ke7 25.Rb2 Kd8 26.Kf3 Ke7 27.Kg3 Rd8 28.
b5 c5 29.Kf3 c4 30.Ke3 Kd6 31.Rd2+ Ke7 32.Rb2 Kd6 33.Rd2+ Ke7 34.Rb2 Kd6 
35.b6 a6 36.Rb1 Rc8 37.Rd1+ Ke7 38.Ra1 Kd6 39.Rd1+ Ke7 40.Ra1 Kd6 41.Kf3 
Ke7 42.Kg3 Rd8 43.Rd1 Rxd1 44.Bxd1 f5 45.exf5 Bxf5 46.Bf3 e4 47.Be2 Be6 
48.f4 Kf6 49.fxg5+ Kxg5 50.Kf2 Kf4 51.g3+ Kf5 52.Ke3 Ke5 53.Bf1 Bd5 54.g4 
Be6 55.Bg2 Bd5 56.Bh1 Bc6 57.Bg2 Bd5 58.Bh1 Bc6 59.Bg2 Bd5 60.Bf1 Be6 61.
Be2 Bf7 62.Bd1 Be8 63.Be2 Bf7 64.g5 hxg5 65.h6 Kf6 66.Kxe4 Be8 67.Bxc4 Bd7
68.Bd5 1-0

[Event "29th ECh U20"]
[Site "Patras GRE"]
[Date "2001.07.26"]
[Round "10"]
[White "Berkvens, Joost"]
[Black "Mladenov, Svetlin"]
[Result "1-0"]
[WhiteElo "2444"]
[BlackElo "2306"]
[EventDate "2001.07.16"]
[PlyCount "45"]

1.d4 Nf6 2.c4 g6 3.Nc3 Bg7 4.e4 d6 5.Nf3 O-O 6.Be2 e5 7.O-O Na6 8.Be3 Qe8 
9.dxe5 dxe5 10.h3 c6 11.a3 Qe7 12.b4 Nh5 13.c5 Rd8 14.Qc1 Nf4 15.Bxf4 exf4
16.e5 Nc7 17.Qxf4 Ne6 18.Qe3 a5 19.Na4 axb4 20.axb4 Nd4 21.Nxd4 Qxe5 22.
Nb6 Rb8 23.Rad1 1-0

[Event "29th ECh U20"]
[Site "Patras GRE"]
[Date "2001.07.26"]
[Round "10"]
[White "Kujovic, Michal"]
[Black "Haznedaroglu, Kivanc"]
[Result "1-0"]
[WhiteElo "2335"]
[BlackElo "2345"]
[EventDate "2001.07.16"]
[PlyCount "59"]

1.e4 c5 2.Nc3 Nc6 3.g3 g6 4.Bg2 Bg7 5.d3 e6 6.Nge2 Nge7 7.Be3 b6 8.Qd2 O-O
9.Bh6 f5 10.h4 Rf7 11.h5 Bb7 12.hxg6 hxg6 13.exf5 Nxf5 14.Bxg7 Rxg7 15.
O-O-O Qe7 16.Nf4 Rf8 17.Be4 Nd8 18.Bxb7 Nxb7 19.Qe2 g5 20.Nh5 Rg6 21.g4 
Nh4 22.f4 Rf7 23.Ne4 Nd6 24.Nxg5 Rxf4 25.Nxf4 Qxg5 26.Rxh4 Rf6 27.Qh2 Rxf4
28.Rh8+ Kg7 29.Qh7+ Kf6 30.Rg8 1-0

[Event "29th ECh U20"]
[Site "Patras GRE"]
[Date "2001.07.26"]
[Round "10"]
[White "Mastrovasilis, Dimitrios"]
[Black "Pert, Richard"]
[Result "1-0"]
[WhiteElo "2435"]
[BlackElo "2245"]
[EventDate "2001.07.16"]
[PlyCount "95"]

1.e4 c6 2.d4 d5 3.exd5 cxd5 4.c4 Nf6 5.Nc3 e6 6.Nf3 Bb4 7.Bd3 dxc4 8.Bxc4 
O-O 9.O-O b6 10.Qe2 Bb7 11.Bg5 Nbd7 12.Rad1 Qc7 13.Nb5 Bxf3 14.Nxc7 Bxe2 
15.Bxe2 Rac8 16.Rc1 Bd6 17.Nb5 Bb8 18.Nc3 h6 19.Be3 Nd5 20.Nxd5 exd5 21.
Ba6 Rxc1 22.Rxc1 Nf6 23.f3 Re8 24.Bd2 Bd6 25.Rc6 Re6 26.Bb5 Kh7 27.a4 g6 
28.Rc8 Re7 29.Rd8 Bc7 30.Ra8 Bd6 31.b4 Kg7 32.Bd3 Rc7 33.g3 Nd7 34.a5 bxa5
35.bxa5 Rb7 36.a6 Rb3 37.Bf1 Bb8 38.Bf4 Bxf4 39.gxf4 Rxf3 40.Rxa7 Nf6 41.
Rc7 Ra3 42.a7 Ra1 43.Kf2 Ra2+ 44.Ke3 Ng4+ 45.Kd3 h5 46.Kc3 Ne3 47.Bb5 Nd1+
48.Kb4 1-0

[Event "29th ECh U20"]
[Site "Patras GRE"]
[Date "2001.07.26"]
[Round "10"]
[White "Vallin, Guillaume"]
[Black "Jirka, Jiri"]
[Result "0-1"]
[WhiteElo "2359"]
[BlackElo "2292"]
[EventDate "2001.07.16"]
[PlyCount "58"]

1.d4 d5 2.c4 c6 3.Nc3 Nf6 4.e3 a6 5.Nf3 b5 6.b3 Bf5 7.Be2 h6 8.O-O Nbd7 9.
Ne5 Rc8 10.f3 e6 11.e4 Bh7 12.Nxd7 Nxd7 13.c5 Nxc5 14.exd5 cxd5 15.dxc5 
Bxc5+ 16.Kh1 Bb4 17.Nxb5 axb5 18.Bxb5+ Ke7 19.Qd4 Qd6 20.Qxg7 Bc3 21.Qxh6 
Bg6 22.Qg5+ f6 23.Qf4 Be5 24.Qa4 Rxh2+ 25.Kg1 Qb6+ 26.Rf2 Rh1+ 27.Kxh1 
Qxf2 28.Ba3+ Kf7 29.Qa7+ Qxa7 0-1

[Event "29th ECh U20"]
[Site "Patras GRE"]
[Date "2001.07.26"]
[Round "10"]
[White "Pilaj, Herwig"]
[Black "Atakisi, Umut"]
[Result "1/2-1/2"]
[WhiteElo "2297"]
[BlackElo "2302"]
[EventDate "2001.07.16"]
[PlyCount "56"]

1.e4 c5 2.Nf3 Nc6 3.d3 Nf6 4.g3 g6 5.Bg2 Bg7 6.O-O O-O 7.Nbd2 d5 8.Re1 b6 
9.h3 e6 10.c3 a5 11.Qa4 Qc7 12.Nf1 Ba6 13.Bf4 Qd7 14.Rad1 b5 15.Qc2 d4 16.
Ne5 Nxe5 17.Bxe5 Rac8 18.Nh2 Rfd8 19.cxd4 cxd4 20.Qd2 b4 21.Nf3 Ne8 22.
Bxg7 Kxg7 23.e5 Bb7 24.Rc1 Bd5 25.h4 Bxf3 26.Bxf3 Rxc1 27.Rxc1 Rc8 28.h5 
h6 1/2-1/2

[Event "29th ECh U20"]
[Site "Patras GRE"]
[Date "2001.07.26"]
[Round "10"]
[White "Paljusaj, Edmond"]
[Black "Poliakov, Dmitry"]
[Result "0-1"]
[WhiteElo "2230"]
[BlackElo "2267"]
[EventDate "2001.07.16"]
[PlyCount "62"]

1.e4 c5 2.Nf3 Nc6 3.Bb5 g6 4.Bxc6 dxc6 5.d3 Bg7 6.Nc3 e5 7.Be3 b6 8.a4 a5 
9.O-O Ne7 10.Qd2 O-O 11.Bh6 f6 12.Ne1 g5 13.Bxg7 Kxg7 14.Ne2 Ng6 15.c3 Qc7
16.Nc2 Rd8 17.Rfd1 Be6 18.d4 Rd7 19.Ne3 Nf4 20.d5 cxd5 21.exd5 Nxd5 22.
Nxd5 Rxd5 23.Qxd5 Bxd5 24.Rxd5 c4 25.Rad1 Kg6 26.Ng3 Re8 27.Rd6 e4 28.R1d5
e3 29.fxe3 Rxe3 30.Nf5 Rd3 31.Rd7 Qxd7 0-1

[Event "29th ECh U20"]
[Site "Patras GRE"]
[Date "2001.07.26"]
[Round "10"]
[White "Tsiamis, Konstantinos"]
[Black "Ginzburg, Mikhail"]
[Result "1-0"]
[WhiteElo "2217"]
[BlackElo "2274"]
[EventDate "2001.07.16"]
[PlyCount "103"]

1.e4 e5 2.Nf3 Nc6 3.d4 exd4 4.Nxd4 Nf6 5.Nxc6 bxc6 6.e5 Qe7 7.Qe2 Nd5 8.c4
Ba6 9.b3 g6 10.f4 Bg7 11.Qf2 Nb6 12.c5 Bxf1 13.cxb6 Ba6 14.Ba3 d6 15.bxc7 
c5 16.Nc3 Qxc7 17.O-O-O Qa5 18.Kb2 Rd8 19.Ne4 O-O 20.Nxd6 f6 21.Qf3 c4 22.
b4 Rb8 23.Kc1 Qa4 24.Rd5 Bb5 25.e6 Bc6 26.e7 Rfe8 27.Nxe8 Rxe8 28.Ra5 Qxa5
29.bxa5 Bxf3 30.gxf3 Bh6 31.Bd6 Kf7 32.Re1 g5 33.f5 Rc8 34.Kc2 Ke8 35.Kc3 
Rc6 36.Bb4 g4 37.Rd1 Rc8 38.fxg4 Bf4 39.h3 Be5+ 40.Kc2 Rb8 41.a3 Rc8 42.
Rd8+ Rxd8 43.exd8=Q+ Kxd8 44.Bc3 Bd6 45.Bxf6+ Kd7 46.Kc3 Bxa3 47.Kxc4 a6 
48.Bc3 Bd6 49.Kd5 Ba3 50.g5 Bc1 51.g6 hxg6 52.fxg6 1-0

[Event "29th ECh U20"]
[Site "Patras GRE"]
[Date "2001.07.26"]
[Round "10"]
[White "Le Roux, Jean-Pierre"]
[Black "Georgiou, Kostantinos"]
[Result "1-0"]
[WhiteElo "2285"]
[BlackElo "2142"]
[EventDate "2001.07.16"]
[PlyCount "83"]

1.e4 d5 2.exd5 Qxd5 3.Nc3 Qa5 4.d4 c6 5.Nf3 Nf6 6.Bc4 Bf5 7.Ne5 e6 8.g4 
Bg6 9.h4 Nbd7 10.Nxd7 Nxd7 11.Bd2 h6 12.Nd5 Qd8 13.Nf4 Bh7 14.Qe2 Nb6 15.
Bb3 Qc7 16.g5 hxg5 17.hxg5 Bd3 18.Qf3 Rxh1+ 19.Qxh1 Bc4 20.O-O-O O-O-O 21.
Qe4 Bxb3 22.axb3 g6 23.Nd3 Bg7 24.Bf4 Qe7 25.Ne5 Nd5 26.Bd2 Bxe5 27.Qxe5 
Qd6 28.Qg7 Qf8 29.Qh7 Qg8 30.Qh3 Ne7 31.Qc3 Rd5 32.Bf4 Qd8 33.Be5 Nf5 34.
Bf6 Qb6 35.Qh3 Qa6 36.Qh8+ Kc7 37.Be5+ Kb6 38.c4 Ne7 39.cxd5 Nxd5 40.Qd8+ 
Kb5 41.Qd6 b6 42.Qa3 1-0

[Event "29th ECh U20"]
[Site "Patras GRE"]
[Date "2001.07.26"]
[Round "10"]
[White "Verkasalo, Tommi"]
[Black "Gengler, Pierre"]
[Result "1-0"]
[WhiteElo "2037"]
[BlackElo "2023"]
[EventDate "2001.07.16"]
[PlyCount "43"]

1.e4 c5 2.Nc3 Nc6 3.f4 g6 4.Nf3 Bg7 5.Bc4 d6 6.O-O Nf6 7.d3 O-O 8.Qe1 Bg4 
9.e5 Ne8 10.e6 Nc7 11.exf7+ Kh8 12.Ng5 h6 13.Qh4 d5 14.Nxd5 Nxd5 15.Qxg4 
Bd4+ 16.Kh1 hxg5 17.Qxg5 Nf6 18.Rf3 Nh7 19.Rh3 Kg7 20.Qh6+ Kf6 21.Qh4+ Kg7
22.Qxh7+ 1-0

[Event "29th ECh U20"]
[Site "Patras GRE"]
[Date "2001.07.27"]
[Round "11"]
[White "Guseinov, Gadir"]
[Black "Timofeev, Artiom"]
[Result "1/2-1/2"]
[WhiteElo "2456"]
[BlackElo "2521"]
[EventDate "2001.07.16"]
[PlyCount "122"]

1.e4 d6 2.d4 Nf6 3.Nc3 g6 4.Nf3 Bg7 5.Be2 O-O 6.O-O c6 7.a4 a5 8.Be3 Nbd7 
9.Nd2 Ne8 10.f4 f5 11.e5 Nb6 12.Nc4 Nxc4 13.Bxc4+ Kh8 14.h4 Nc7 15.h5 Be6 
16.Bxe6 Nxe6 17.hxg6 hxg6 18.Kf2 Kg8 19.Rg1 Qe8 20.Qf3 g5 21.g3 Qg6 22.
Rad1 Rac8 23.Ne2 Rcd8 24.c4 g4 25.Qg2 d5 26.cxd5 cxd5 27.Rc1 Rd7 28.Nc3 
Nc7 29.Qf1 Qb6 30.Nb5 e6 31.Qd3 Nxb5 32.Qxb5 Qxb5 33.axb5 Kf7 34.Rc2 b6 
35.Rc6 Rb8 36.Rgc1 Bf8 37.Bd2 Ra7 38.Ke3 a4 39.Rc7+ Rxc7 40.Rxc7+ Ke8 41.
Ra7 Be7 42.Rxa4 Rc8 43.Kd3 Kd7 44.Ra7+ Rc7 45.Ra6 Rb7 46.Ra8 Kc7 47.Re8 
Kd7 48.Rh8 Kc7 49.Rh7 Kc8 50.Bc3 Bd8 51.Rh8 Kd7 52.Kd2 Rc7 53.Kd3 Rb7 54.
Kc2 Rc7 55.Kb3 Kc8 56.Kc2 Kd7 57.Rh6 Rb7 58.b3 Be7 59.Kb2 Rb8 60.Rh1 Kc7 
61.Rh7 Kd8 1/2-1/2

[Event "29th ECh U20"]
[Site "Patras GRE"]
[Date "2001.07.27"]
[Round "11"]
[White "Korobov, Anton"]
[Black "Postny, Evgeny"]
[Result "0-1"]
[WhiteElo "2470"]
[BlackElo "2486"]
[EventDate "2001.07.16"]
[PlyCount "228"]

1.d4 c5 2.d5 g6 3.Nf3 Bg7 4.e4 d6 5.Be2 Nf6 6.Nc3 O-O 7.O-O Na6 8.h3 Nc7 
9.a4 b6 10.Bg5 Re8 11.Re1 Nd7 12.Nd2 Ba6 13.Nc4 Bxc4 14.Bxc4 a6 15.Bf1 Qb8
16.Qg4 Nf6 17.Qh4 Qb7 18.Rad1 Rad8 19.g3 b5 20.Bg2 Qb6 21.axb5 axb5 22.e5 
dxe5 23.Rxe5 b4 24.Na4 Qa7 25.b3 Ne6 26.dxe6 Rxd1+ 27.Kh2 Rd4 28.exf7+ 
Kxf7 29.Be4 Rxe4 30.Rxe4 Nxe4 31.Qxe4 Bd4 32.Be3 e6 33.Bxd4 cxd4 34.Nb2 
Kg8 35.Nd3 Qb6 36.Ne5 Qc5 37.Nd7 Qe7 38.Ne5 Qc5 39.Nd3 Qd6 40.h4 Rf8 41.
Kg1 Re8 42.Ne5 Qd5 43.Qe2 Ra8 44.Qe1 Ra6 45.Kh2 Rb6 46.Qe2 Rb5 47.Ng4 Kh8 
48.Qd2 Qd6 49.Ne3 e5 50.Nc4 Qf6 51.Qe2 Rd5 52.Nd2 Rd8 53.Ne4 Qe6 54.Ng5 
Qf5 55.Ne4 Rf8 56.Qe1 Kg7 57.Kg1 Rb8 58.Qe2 Qe6 59.Kh2 Rb6 60.Kg1 Qd5 61.
Nd2 Re6 62.Ne4 Rc6 63.Qd3 Rc7 64.h5 Qc6 65.Qf3 h6 66.hxg6 Qxg6 67.Qe2 Kh7 
68.Kf1 Ra7 69.Kg2 Rf7 70.Qd3 Rf4 71.f3 Rf7 72.g4 Rf4 73.Qb5 Rxg4+ 74.fxg4 
Qxe4+ 75.Kg3 Qf4+ 76.Kh3 Qf3+ 77.Kh4 Qf6+ 78.Kg3 Qe7 79.Qd3+ Kg7 80.Qe4 
Qc7 81.Kh4 Qe7+ 82.Kg3 Qd6 83.Qb7+ Kf6 84.Qe4 Qd7 85.Kh4 Qe7 86.Kg3 Qd7 
87.Kh4 Qe7 88.Kg3 Kg7 89.Kg2 Qf6 90.Qb7+ Kg6 91.Qxb4 e4 92.Qb7 Qf3+ 93.Kh2
Qf4+ 94.Kh3 Qf3+ 95.Kh2 Qf2+ 96.Kh3 Qxc2 97.b4 Qc3+ 98.Kh4 Qe1+ 99.Kh3 
Qf1+ 100.Kg3 Qf3+ 101.Kh4 Qf6+ 102.Kg3 Qe5+ 103.Kh3 e3 104.Qf3 Kg5 105.Qe2
Qe4 106.Qb5+ Kf4 107.Qb8+ Kf3 108.Qf8+ Ke2 109.b5 d3 110.Qa3 d2 111.Qa2 
Ke1 112.Qa5 Kf1 113.Qa6 Kf2 114.Kh4 e2 0-1

[Event "29th ECh U20"]
[Site "Patras GRE"]
[Date "2001.07.27"]
[Round "11"]
[White "Buhmann, Rainer"]
[Black "Stryjecki, Marek"]
[Result "1-0"]
[WhiteElo "2498"]
[BlackElo "2441"]
[EventDate "2001.07.16"]
[PlyCount "87"]

1.d4 g6 2.c4 Bg7 3.e4 d6 4.Nc3 Nf6 5.Be2 O-O 6.Nf3 e5 7.O-O Nc6 8.d5 Ne7 
9.b4 a5 10.bxa5 c5 11.dxc6 Nxc6 12.Bg5 Qxa5 13.Bxf6 Bxf6 14.Nb5 Rd8 15.Nd2
Nd4 16.Nxd4 exd4 17.Bd3 Qc3 18.Nb3 Bg4 19.f3 Be6 20.Rc1 Qb4 21.Rc2 Rdc8 
22.Qe2 Rc7 23.f4 Rac8 24.Rfc1 Kg7 25.g3 Bd7 26.Qf2 Ba4 27.Qe2 Qa3 28.Qd2 
Ra8 29.Rb1 Re7 30.c5 dxc5 31.e5 Bxe5 32.fxe5 Rxe5 33.Qf4 Rae8 34.Rf2 f5 
35.g4 fxg4 36.Qf7+ Kh6 37.Qf4+ Rg5 38.Rg2 Re5 39.Rxg4 Bd7 40.Rg3 Bh3 41.
Kh1 Qxa2 42.Rxh3+ Kg7 43.Nd2 Kg8 44.Bc4+ 1-0

[Event "29th ECh U20"]
[Site "Patras GRE"]
[Date "2001.07.27"]
[Round "11"]
[White "Jirka, Jiri"]
[Black "Smirnov, Pavel"]
[Result "1/2-1/2"]
[WhiteElo "2292"]
[BlackElo "2530"]
[EventDate "2001.07.16"]
[PlyCount "90"]

1.d4 Nf6 2.c4 g6 3.g3 Bg7 4.Bg2 O-O 5.Nc3 d6 6.Nf3 Nbd7 7.O-O e5 8.h3 exd4
9.Nxd4 Re8 10.e4 a6 11.Be3 Rb8 12.b3 c5 13.Nde2 b5 14.Qxd6 b4 15.Na4 Nxe4 
16.Bxe4 Bxa1 17.Rxa1 Rxe4 18.Rd1 Qe8 19.Kf1 Re6 20.Qd2 Ne5 21.Nf4 Rc6 22.
Nxc5 g5 23.Ng2 Bxh3 24.Qd5 Bg4 25.Rd4 Bf3 26.Ne4 h6 27.Ne1 Qc8 28.Nxf3 
Nxf3 29.Rd1 Qh3+ 30.Ke2 Qg4 31.Kf1 Re6 32.Nc5 Re7 33.Nd7 Qh3+ 34.Ke2 Ng1+ 
35.Ke1 Qh2 36.Nf6+ Kg7 37.Ng4 Rxe3+ 38.Nxe3 Re8 39.Qd4+ Kg8 40.Qf6 Rxe3+ 
41.Kf1 Re8 42.Rd8 Rxd8 43.Qxd8+ Kg7 44.Qd4+ Kg6 45.Qd6+ Kg7 1/2-1/2

[Event "29th ECh U20"]
[Site "Patras GRE"]
[Date "2001.07.27"]
[Round "11"]
[White "Flumbort, Andras"]
[Black "Kujovic, Michal"]
[Result "1/2-1/2"]
[WhiteElo "2372"]
[BlackElo "2335"]
[EventDate "2001.07.16"]
[PlyCount "57"]

1.d4 d5 2.c4 dxc4 3.Nf3 a6 4.e3 e6 5.Bxc4 Nf6 6.O-O c5 7.dxc5 Qxd1 8.Rxd1 
Bxc5 9.Be2 Nc6 10.Nbd2 Ke7 11.b3 Bd7 12.Bb2 Rhc8 13.Nc4 b5 14.Nce5 Be8 15.
Rac1 Bd6 16.Nxc6+ Bxc6 17.Ne5 Bd5 18.f3 Ne8 19.e4 Bb7 20.Nd3 f6 21.Bd4 
Rxc1 22.Rxc1 Rc8 23.Nc5 Rc6 24.Be3 Bc8 25.Kf2 e5 26.a4 bxa4 27.bxa4 Nc7 
28.Bd3 Ne6 29.Nxe6 1/2-1/2

[Event "29th ECh U20"]
[Site "Patras GRE"]
[Date "2001.07.27"]
[Round "11"]
[White "Haznedaroglu, Kivanc"]
[Black "Le Roux, Jean-Pierre"]
[Result "0-1"]
[WhiteElo "2345"]
[BlackElo "2285"]
[EventDate "2001.07.16"]
[PlyCount "54"]

1.e4 c5 2.Nf3 e6 3.d4 cxd4 4.Nxd4 Bc5 5.Nb3 Bb6 6.c4 Nc6 7.Nc3 Nge7 8.Be2 
O-O 9.O-O f5 10.Qd3 a5 11.Nb5 a4 12.N3d4 fxe4 13.Qxe4 d5 14.cxd5 exd5 15.
Qh4 Nf5 16.Nxf5 Bxf5 17.Bg5 Qe8 18.Bf3 Bd3 19.Bxd5+ Kh8 20.Nd6 Qg6 21.Be4 
Bxe4 22.Nxe4 a3 23.bxa3 Ra4 24.Rae1 Re8 25.Nf6 Rxe1 26.Qxa4 Rxf1+ 27.Kxf1 
Qd3+ 0-1

[Event "29th ECh U20"]
[Site "Patras GRE"]
[Date "2001.07.27"]
[Round "11"]
[White "Poliakov, Dmitry"]
[Black "Vallin, Guillaume"]
[Result "1/2-1/2"]
[WhiteElo "2267"]
[BlackElo "2359"]
[EventDate "2001.07.16"]
[PlyCount "52"]

1.d4 e6 2.c4 Nf6 3.Nf3 d5 4.cxd5 exd5 5.Nc3 Bb4 6.a3 Be7 7.Bg5 c6 8.Qc2 
O-O 9.e3 Nbd7 10.Bd3 Re8 11.O-O Nf8 12.b4 a6 13.Rab1 g6 14.a4 Ne6 15.Bh4 
Ng7 16.b5 axb5 17.axb5 Bf5 18.bxc6 bxc6 19.Ne5 Rc8 20.Rb7 Bxd3 21.Qxd3 Rc7
22.Rfb1 Nf5 23.Bg3 Nxg3 24.hxg3 Bd6 25.Nf3 Rxb7 26.Rxb7 Qa8 1/2-1/2

[Event "29th ECh U20"]
[Site "Patras GRE"]
[Date "2001.07.27"]
[Round "11"]
[White "Pert, Richard"]
[Black "Tsiamis, Konstantinos"]
[Result "1/2-1/2"]
[WhiteElo "2245"]
[BlackElo "2217"]
[EventDate "2001.07.16"]
[PlyCount "34"]

1.e4 c6 2.d4 d5 3.e5 Bf5 4.c3 e6 5.Be3 Qb6 6.Qb3 Ne7 7.Nd2 Nd7 8.f4 Bg6 9.
Ngf3 Nf5 10.Bf2 h5 11.g3 a5 12.Qxb6 Nxb6 13.a4 Be7 14.Be2 Nd7 15.h3 Kd8 
16.Kf1 Kc7 17.Kg2 Nh6 1/2-1/2

[Event "29th ECh U20"]
[Site "Patras GRE"]
[Date "2001.07.27"]
[Round "11"]
[White "Atakisi, Umut"]
[Black "Georgiou, Kostantinos"]
[Result "1-0"]
[WhiteElo "2302"]
[BlackElo "2142"]
[EventDate "2001.07.16"]
[PlyCount "45"]

1.e4 c5 2.Nf3 d6 3.d4 cxd4 4.Nxd4 Nf6 5.Nc3 a6 6.Bg5 e6 7.f4 Be7 8.Qf3 Qc7
9.O-O-O Nbd7 10.Bd3 b5 11.Rhe1 Bb7 12.Qg3 b4 13.Nd5 Bxd5 14.exd5 Nxd5 15.
Bxe7 Nxe7 16.Qxg7 Rg8 17.Qxh7 Nf6 18.Qh3 Qa5 19.Nxe6 Nfd5 20.Bc4 Nc3 21.
Nd4 Nxa2+ 22.Kb1 Nc3+ 23.bxc3 1-0

[Event "29th ECh U20"]
[Site "Patras GRE"]
[Date "2001.07.27"]
[Round "11"]
[White "Kafka, Graeme"]
[Black "Paljusaj, Edmond"]
[Result "1/2-1/2"]
[WhiteElo "2104"]
[BlackElo "2230"]
[EventDate "2001.07.16"]
[PlyCount "113"]

1.e4 c5 2.Nf3 Nc6 3.d4 cxd4 4.Nxd4 Nf6 5.Nc3 e6 6.Ndb5 d6 7.Bf4 e5 8.Bg5 
a6 9.Na3 b5 10.Bxf6 gxf6 11.Nd5 Bg7 12.c3 Ne7 13.Nxe7 Qxe7 14.Nc2 f5 15.
exf5 Bxf5 16.Qf3 Bxc2 17.Qxa8+ Qd8 18.Qxd8+ Kxd8 19.Rc1 Be4 20.f3 Bc6 21.
Bd3 d5 22.O-O Ke7 23.Rfe1 Ke6 24.g4 Bh6 25.Rcd1 Bf4 26.Bf5+ Kf6 27.h3 h5 
28.Rd3 hxg4 29.hxg4 Rh2 30.b3 Rxa2 31.c4 d4 32.Be4 bxc4 33.bxc4 Bxe4 34.
Rxe4 Kg5 35.Re1 Kh4 36.Kf1 Rc2 37.Ra1 Rxc4 38.Rxa6 Bg5 39.Ra7 f6 40.Ra2 
Bf4 41.Kg2 Rc1 42.Re2 Kg5 43.Kf2 Kg6 44.Re4 Rc2+ 45.Re2 Rc4 46.Ra2 Bg5 47.
Kg3 Rc1 48.Kg2 Kf7 49.Rb3 Rd1 50.Rb6 Be3 51.Raa6 Rd2+ 52.Kh1 Bg5 53.Rb4 
Kg6 54.Ra8 Rd1+ 55.Kg2 Rd2+ 56.Kh1 Be3 57.Rg8+ 1/2-1/2

[Event "29th ECh U20"]
[Site "Patras GRE"]
[Date "2001.07.27"]
[Round "11"]
[White "Zournatsidis, Evgenios"]
[Black "Verkasalo, Tommi"]
[Result "0-1"]
[WhiteElo "2098"]
[BlackElo "2037"]
[EventDate "2001.07.16"]
[PlyCount "92"]

1.d4 d6 2.c4 e5 3.dxe5 dxe5 4.Qxd8+ Kxd8 5.Nc3 Be6 6.e4 c6 7.Nf3 f6 8.Be3 
Nd7 9.O-O-O Kc7 10.Nh4 Ne7 11.f4 Nc8 12.f5 Bf7 13.g4 Bb4 14.Na4 Ncb6 15.
Nxb6 axb6 16.a3 Bc5 17.Bd2 Ra4 18.Nf3 Bxc4 19.b4 Bxf1 20.Rhxf1 Be7 21.Kb2 
Rha8 22.Ra1 b5 23.Be3 Bxb4 24.axb4 Rxb4+ 25.Kc2 Rxa1 26.Rxa1 Rxe4 27.Kd2 
Rxg4 28.Rc1 Nb6 29.Bxb6+ Kxb6 30.Ke3 g6 31.fxg6 hxg6 32.Rd1 f5 33.Rd6 b4 
34.Kf2 e4 35.Ne5 Rg5 36.Nxg6 Kc5 37.Rf6 b3 38.h4 Rh5 39.Nf4 Rxh4 40.Rxf5+ 
Kc4 41.Rf7 Rxf4+ 42.Rxf4 b2 43.Rxe4+ Kc3 44.Re1 Kc2 45.Re2+ Kb3 46.Re7 b5 
0-1